Normal view MARC view
  • EBNEZAR, JOHN AND JOHN, RAKESH

Entry Personal Name

Number of records used in: 1

001 - CONTROL NUMBER

  • control field: 8114

003 - CONTROL NUMBER IDENTIFIER

  • control field: JRU

005 - DATE AND TIME OF LATEST TRANSACTION

  • control field: 20230821111254.0

008 - FIXED-LENGTH DATA ELEMENTS

  • fixed length control field: 230821|| aca||aabn | a|a d

040 ## - CATALOGING SOURCE

  • Original cataloging agency: JRU
  • Transcribing agency: JRU

100 ## - HEADING--PERSONAL NAME

  • Personal name: EBNEZAR, JOHN AND JOHN, RAKESH

670 ## - SOURCE DATA FOUND

  • Source citation: Work cat.: (JRU)8389: EBNEZAR, JOHN AND JOHN, RAKESH, ESSENTIAL'S OF ORTHOPAEDICS FOR PHYSIOTHERAPISTS, 2017